000 00607nam a2200229Ia 4500
003 OSt
005 20220927105823.0
006 a|||||r|||| 00| 0
007 ta
008 220926b |||||||| |||| 00| 0 eng d
024 _a198751
037 _cReference Collections
040 _aRTL
_cRTL
_beng
041 _2eng
_aeng
082 _a"Y9(X:54).17, N1/TD"
100 _athomas nicholas
_9375252
245 0 _aentangled objects
260 _alondon
_c1991
300 _a259/p
_ccm.
942 _h"Y9(X:54).17, N1/TD"
_cCC
999 _c694832
_d694832